000 00414nam a22001577a 4500
020 _a9788197328251
082 _aM300 7
_bSHA/N
100 _aShaji Jacob
245 _aNovel:
_bkalayum prathyayasasthravum/
_cby Shaji Jacob
260 _aKozhikode:
_bPavanatma Publishers,
_c2024.
300 _a510p.
650 _aNovel Malayalam Study
650 _aLiterature Malayalam
650 _aLiterature
942 _cBK
999 _c182066
_d182066